[Event "Trophee CCAS GpA"]
[Site "Cap d'Agde FRA"]
[Date "2010.10.26"]
[Round "7"]
[White "Nguyen Ngoc Truong Son"]
[Black "Polgar, Ju"]
[Result "1/2-1/2"]
[WhiteElo "2633"]
[BlackElo "2682"]
[PlyCount "113"]
[EventDate "2010.10.23"]

1. d4 Nf6 2. Bg5 Ne4 3. Bf4 d5 4. e3 Nd7 5. Bd3 c5 6. Bxe4 dxe4 7. Nc3 Qa5 8.
Nge2 Nf6 9. O-O Bg4 10. h3 cxd4 11. hxg4 dxc3 12. Nxc3 g5 13. b4 Qxb4 14. Be5
Bg7 15. Nd5 Qc5 16. Nc7+ Kf8 17. Nxa8 Qxe5 18. Qd8+ Ne8 19. Rad1 Bf6 20. Rd5
Qc3 21. Qa5 Qxc2 22. Qxa7 Kg7 23. Qc5 Qxa2 24. Nb6 h6 25. Nd7 e6 26. Rdd1 Qe2
27. Qb4 Qxg4 28. Qxb7 h5 29. Nc5 h4 30. Qxe4 Qxe4 31. Nxe4 Kg6 32. Rd7 Bg7 33.
Ra7 Nf6 34. Nd6 Rf8 35. Rb1 Ng4 36. Rb4 Ne5 37. Rb1 Rd8 38. Ne4 Rd5 39. Rab7
Rd3 40. R7b3 Rd8 41. Rb5 Rd3 42. Kf1 Ra3 43. R5b3 Ra4 44. Rb4 Ra3 45. Nd2 Ra2
46. R4b2 Ra4 47. Rc2 Kf5 48. Rb5 Kg6 49. Rcc5 Ra2 50. Ke2 f6 51. Ra5 Rb2 52.
Rcb5 Rc2 53. Kd1 Rc7 54. Ke2 Rc2 55. Rc5 Rb2 56. Rab5 Ra2 57. Ra5 1/2-1/2

[Event "Trophee CCAS GpB"]
[Site "Cap d'Agde FRA"]
[Date "2010.10.24"]
[Round "3"]
[White "Hammer, J."]
[Black "Gharamian, T."]
[Result "1/2-1/2"]
[WhiteElo "2633"]
[BlackElo "2658"]
[PlyCount "145"]
[EventDate "2010.10.23"]

1. d4 Nf6 2. c4 e6 3. Nf3 d5 4. g3 dxc4 5. Bg2 Bb4+ 6. Bd2 c5 7. O-O O-O 8.
dxc5 Bxc5 9. Qc2 Nbd7 10. Qxc4 b5 11. Qxb5 Rb8 12. Qc4 Bb7 13. Qc1 Qb6 14. Nc3
Rfc8 15. Qe1 Qxb2 16. Na4 Qa3 17. Nxc5 Nxc5 18. Bf4 Ra8 19. Qc1 Qa6 20. Qe1 Bd5
21. Be5 Nce4 22. Nd2 Rc2 23. Nxe4 Bxe4 24. Bxf6 Bxg2 25. Kxg2 gxf6 26. e4 Qe2
27. Qxe2 Rxe2 28. Rfe1 Rc2 29. Rec1 Rac8 30. Rxc2 Rxc2 31. Rb1 Rxa2 32. Rb8+
Kg7 33. Ra8 Ra3 34. g4 h6 35. f3 f5 36. gxf5 exf5 37. e5 f4 38. Kh3 h5 39. Kh4
Kg6 40. Rg8+ Kf5 41. Rg5+ Ke6 42. Rxh5 Rxf3 43. Kg4 Rf1 44. Rh6+ Kxe5 45. Ra6
f5+ 46. Kh3 Rg1 47. Ra5+ Kf6 48. Ra6+ Ke5 49. Ra5+ Ke4 50. Ra4+ Kd3 51. Ra3+
Kd4 52. Ra4+ Kd3 53. Ra3+ Kc4 54. Rxa7 f3 55. Ra4+ Kd3 56. Ra3+ Ke4 57. Ra4+
Ke3 58. Ra3+ Kf4 59. Ra4+ Kg5 60. Ra2 Kf4 61. Ra4+ Ke5 62. Ra5+ Kf6 63. Ra6+
Kg7 64. Ra7+ Kg6 65. Ra6+ Kh5 66. Ra2 Kg5 67. Rb2 Kf4 68. Rb4+ Ke3 69. Rb3+ Kf4
70. Rb4+ Kg5 71. Rb2 Re1 72. Kg3 Re3 73. Rb5 1/2-1/2

[Event "Trophee CCAS GpB"]
[Site "Cap d'Agde FRA"]
[Date "2010.10.26"]
[Round "6"]
[White "Lahno, Kateri"]
[Black "Hammer, J."]
[Result "1/2-1/2"]
[WhiteElo "2539"]
[BlackElo "2633"]
[PlyCount "101"]
[EventDate "2010.10.23"]

1. e4 e5 2. Nf3 Nc6 3. Nc3 Nf6 4. Bb5 Bb4 5. O-O O-O 6. d3 d6 7. Bg5 Ne7 8.
Bxf6 gxf6 9. Nh4 c6 10. Ba4 Ng6 11. Nxg6 hxg6 12. Ne2 Kg7 13. c3 Ba5 14. Ng3
Rh8 15. Qf3 Rh4 16. h3 Rf4 17. Qe2 Bb6 18. Rad1 Qh8 19. d4 Qh4 20. Rd3 Bd7 21.
Bb3 Rh8 22. Re1 Qg5 23. Qd2 Bc8 24. Re2 Qh4 25. a4 a6 26. Ba2 Ba7 27. a5 Qh7
28. Qd1 Qg8 29. Nf5+ Bxf5 30. exf5 Rxf5 31. dxe5 fxe5 32. Rxd6 Rh4 33. Bb1 Rxf2
34. Rxf2 Rf4 35. Rdd2 Qf8 36. b4 Qe7 37. g3 Rxf2 38. Rxf2 e4 39. Kg2 Bxf2 40.
Kxf2 Qf6+ 41. Kg2 Qxc3 42. Bxe4 Qxb4 43. Qa1+ Kg8 44. Qb1 Qxa5 45. Qxb7 Qd2+
46. Kf3 Qd1+ 47. Kf2 Qd4+ 48. Kf3 Qd1+ 49. Kf2 Qd2+ 50. Kf3 Qd1+ 51. Kf2
1/2-1/2